Informática y literatura (Record no. 13698)

MARC details
000 -LEADER
campo de control de longitud fija 00823nam a2200253 i 4500
001 - NÚMERO DE CONTROL
campo de control 13698
003 - IDENTIFICADOR DE NÚMERO DE CONTROL
campo de control ES-MaACL
005 - FECHA Y HORA DE LA ÚLTIMA TRANSACCIÓN
campo de control 20250811081608.0
007 - CAMPO FIJO DE DESCRIPCIÓN FÍSICA--INFORMACIÓN GENERAL
campo de control de longitud fija t|
008 - DATOS DE LONGITUD FIJA--INFORMACIÓN GENERAL
campo de control de longitud fija 980601s1997 sp ||||1| spa d
020 ## - NÚMERO INTERNACIONAL ESTÁNDAR DEL LIBRO
Número Internacional Estándar del Libro 84-922335-6-7
080 ## - NÚMERO DE LA CLASIFICACIÓN DECIMAL UNIVERSAL
Número de la Clasificación Decimal Universal 681.31.06:82
080 ## - NÚMERO DE LA CLASIFICACIÓN DECIMAL UNIVERSAL
Número de la Clasificación Decimal Universal 82:681.31.06
100 0# - ENTRADA PRINCIPAL--NOMBRE DE PERSONA
Nombre de persona Irizarry, Estelle,
Fechas asociadas al nombre 1937-2017
9 (RLIN) 65485
245 10 - MENCIÓN DEL TÍTULO
Título Informática y literatura
Resto del título : análisis de textos hispánicos /
Mención de responsabilidad, etc. Estelle Irizarry.
250 ## - MENCION DE EDICION
Mención de edición 1ª ed.
260 ## - PUBLICACIÓN, DISTRIBUCIÓN, ETC.
Lugar de publicación, distribución, etc. Barcelona :
Nombre del editor, distribuidor, etc. Proyecto A,
Fecha de publicación, distribución, etc. 1997.
300 ## - DESCRIPCIÓN FÍSICA
Extensión 207 p. ;
Dimensiones 24 cm.
490 1# - MENCIÓN DE SERIE
Mención de serie Cuadernos A. Biblioteca universitaria ;
Designación de volumen o secuencia 4.
Mención de serie Actualidad
650 14 - PUNTO DE ACCESO ADICIONAL DE MATERIA--TÉRMINO DE MATERIA
Término de materia o nombre geográfico como elemento de entrada Informática y literatura.
9 (RLIN) 13764
830 00 - PUNTO DE ACCESO ADICIONAL DE SERIE-TÍTULO UNIFORME
Título uniforme Cuadernos A.
Nombre de parte o sección de la obra Biblioteca universitaria
Designación de volumen o secuencia 4.
9 (RLIN) 228354
852 ## - LOCALIZACIÓN
Ubicación ES-MaACL
Número de control de estantería L-21043
Sublocalización o colección R.126489
Holdings
Estatus retirado Estado de pérdida Estado de daño No para préstamo Biblioteca de origen Biblioteca actual Ubicación en estantería Fecha de adquisición Fuente de adquisición Total de préstamos Signatura topográfica completa Código de barras Visto por última vez Precio de reemplazo Tipo de ítem Koha
        Biblioteca del Ateneo de Madrid Biblioteca del Ateneo de Madrid Depósito 2 17/01/2008     L-21043 1013942 23/02/2023 23/02/2023 Libro impreso